01057nam a2200265Ia 4500001001100000003000800011006001900019007001500038008004100053040002100094035002000115050002100135100003400156245010300190260003900293300001800332500002300350500003000373533015200403650003200555650003300587655002900620710001700649856012500666ebr5000112CaPaEBRm u cr cn|||||||||720607r20011909onc s 000 0 eng d aCaPaEBRcCaPaEBR a(OCoLC)7072081214aHB91b.S6 2001eb1 aSmall, Albion W.,d1854-1926.14aThe Cameralistsh[electronic resource] :bthe pioneers of German social polity /cAlbion W. Small. aKitchener, Ont. :bBatoche,c2001. a500, [544] p. aNotes : [501-544]. a"Reprint of the 1909 ed." aElectronic reproduction.bPalo Alto, Calif. :cebrary,d2013.nAvailable via World Wide Web.nAccess may be limited to ebrary affiliated libraries. 0aMercantile systemzGermany. 0aEconomicszGermanyxHistory. 7aElectronic books.2local2 aebrary, Inc.40uhttp://site.ebrary.com/lib/rucke/Doc?id=5000112zAn electronic book accessible through the World Wide Web; click to view